000 00535nam a22002177a 4500
003 UA-OsUOA
001 52158
007 ta
008 20080130b un ||||| |||| 00| 0 ukr d
100 _aЯворський І.
090 _a94
_bЯ-22
942 _cSA
040 _aUA-OsUOA
_bukr
_cUA-OsUOA
_dUA-OsUOA
245 _aДотик крутянського болю.
300 _aС.5
955 _a0
041 _aukr
080 _a94
773 0 _w52156
650 7 _a9 Географія. Біографії. Історія
_2UDC
999 _c338259
_d338259